[Event "Olympiad-43"]
[Site "Batumi"]
[Date "2018.09.30"]
[Round "6.46"]
[White "Nasanjargal, Urtnasan"]
[Black "Fong, Yit San"]
[Result "1/2-1/2"]
[WhiteElo "2470"]
[BlackElo "2108"]
[PlyCount "93"]
[EventDate "2018.09.24"]
[EventType "team-swiss"]
[EventRounds "11"]
[EventCountry "GEO"]
[SourceTitle "CBM 187"]
[Source "ChessBase"]
[SourceDate "2018.12.11"]
[SourceVersion "1"]
[SourceVersionDate "2018.12.11"]
[SourceQuality "1"]
[WhiteTeam "Mongolia"]
[BlackTeam "Malaysia"]
[WhiteTeamCountry "MGL"]
[BlackTeamCountry "MAS"]

1. d4 Nf6 2. c4 g6 3. Nc3 d5 4. cxd5 Nxd5 5. e4 Nxc3 6. bxc3 Bg7 7. Bc4 c5 8. Ne2 Nc6 9. Be3 0-0 10. 0-0 Bg4 11. f3 Bd7 12. Rc1 Rc8 13. Qd2 Na5 14. Bd3 b6 15. Bh6 e6 16. Qf4 Qe7 17. h4 cxd4 18. Bxg7 Kxg7 19. cxd4 Nc6 20. Ba6 Rcd8 21. d5 exd5 22. exd5 Nb8 23. Bc4 Qf6 24. Qxf6+ Kxf6 25. Nc3 Kg7 26. Rfd1 Rc8 27. Be2 Rc5 28. Ne4 Rxc1 29. Rxc1 Rc8 30. Rxc8 Bxc8 31. Nd6 Ba6 32. Kf2 Kf6 33. Ne4+ Ke5 34. Ng5 Bxe2 35. Kxe2 f6 36. Nxh7 Nd7 37. g4 Kxd5 38. g5 f5 39. Ke3 Ke6 40. Kd4 Ne5 41. Nf8+ Kd6 42. Ke3 Ke7 43. Kf4 Nd3+ 44. Ke3 Ne5 45. Kf4 Nd3+ 46. Ke3 Ne5 47. Kf4 1/2-1/2

[Event "Olympiad-43"]
[Site "Batumi"]
[Date "2018.09.27"]
[Round "4.46"]
[White "Andriamasoandro, Miora Ismael"]
[Black "Fong, Yit San"]
[Result "1-0"]
[WhiteElo "2126"]
[BlackElo "2108"]
[PlyCount "119"]
[EventDate "2018.09.24"]
[EventType "team-swiss"]
[EventRounds "11"]
[EventCountry "GEO"]
[SourceTitle "CBM 187"]
[Source "ChessBase"]
[SourceDate "2018.12.11"]
[SourceVersion "1"]
[SourceVersionDate "2018.12.11"]
[SourceQuality "1"]
[WhiteTeam "Madagascar"]
[BlackTeam "Malaysia"]
[WhiteTeamCountry "MAD"]
[BlackTeamCountry "MAS"]

1. d4 Nf6 2. Nf3 g6 3. c3 Bg7 4. Bf4 0-0 5. h3 d6 6. Nbd2 c5 7. dxc5 dxc5 8. e4 Nc6 9. Bc4 Nh5 10. Be3 b6 11. Qa4 Qc7 12. 0-0 h6 13. Rfe1 Kh7 14. g4 Nf6 15. e5 Nd7 16. Bd5 Bb7 17. e6 fxe6 18. Be4 Nce5 19. Nh4 Bf6 20. Ng2 Bxe4 21. Qxe4 Qc6 22. Qc2 Rg8 23. Bf4 Nf7 24. Re3 e5 25. Bg3 Ng5 26. h4 Nh3+ 27. Kh2 Nf4 28. Nxf4 exf4 29. Bxf4 Bxh4 30. Nf3 Bf6 31. g5 hxg5 32. Nxg5+ Kg7 33. Re6 Rh8+ 34. Kg3 Qb7 35. Rae1 Nf8 36. Rxf6 exf6 37. Bd6 Qd5 38. Re7+ Kg8 39. Ne4 Qf5 40. Qb3+ Ne6 41. Qxe6+ Qxe6 42. Rxe6 Rh5 43. Rxf6 Re8 44. Rf4 Kg7 45. Nf6 Rg5+ 46. Kh4 Ree5 47. Bxe5 Rxe5 48. Ne4 g5+ 49. Nxg5 Re2 50. a4 Rxb2 51. f3 a6 52. Ne6+ Kg6 53. Nc7 a5 54. Nb5 Ra2 55. Re4 Kf5 56. Nd6+ Kf6 57. Kg4 Rc2 58. Nb5 Ra2 59. Kf4 Rh2 60. Ke3 1-0

[Event "Asia Cities-ch 19th"]
[Site "Kalutara "]
[Date "2015.07.23"]
[Round "2"]
[White "Fong, Yit San"]
[Black "Stany, George Anthony"]
[Result "0-1"]
[WhiteElo "2091"]
[BlackElo "2380"]
[PlyCount "64"]
[EventDate "2015.07.22"]
[EventType "team-tourn"]
[EventRounds "9"]
[EventCountry "SRI"]
[SourceTitle "EXT 2020"]
[Source "ChessBase"]
[SourceDate "2019.10.17"]
[SourceVersion "1"]
[SourceVersionDate "2019.10.17"]
[SourceQuality "1"]
[WhiteTeam "Shah Alam"]
[BlackTeam "Bangalore"]
[WhiteTeamCountry "MAS"]
[BlackTeamCountry "IND"]

1. e4 g6 2. d4 Bg7 3. Nc3 d6 4. f4 a6 5. Nf3 b5 6. a3 Bb7 7. Be3 Nd7 8. Qd2 e6 9. Bd3 c5 10. dxc5 Nxc5 11. 0-0 Rc8 12. f5 Nf6 13. Bh6 0-0 14. Bxg7 Kxg7 15. Rae1 gxf5 16. exf5 e5 17. Ng5 h6 18. Nge4 Ncxe4 19. Bxe4 d5 20. Bf3 e4 21. Bd1 Qb6+ 22. Kh1 d4 23. Ne2 Rcd8 24. Ng3 Rg8 25. Nh5+ Kh7 26. Nxf6+ Qxf6 27. Qf4 Rg5 28. h4 Rg7 29. g3 d3 30. cxd3 exd3+ 31. Bf3 Rd4 32. Qd2 Rxg3 0-1

[Event "Penang op 6th"]
[Site "Penang"]
[Date "2014.12.12"]
[Round "8"]
[White "Nitin, Senthilvel"]
[Black "Fong, Yit San"]
[Result "1/2-1/2"]
[WhiteElo "2347"]
[BlackElo "2105"]
[PlyCount "132"]
[EventDate "2014.12.08"]
[EventType "swiss"]
[EventRounds "9"]
[EventCountry "MAS"]
[SourceTitle "CBM 163 Extra"]
[Source "ChessBase"]
[SourceDate "2014.12.23"]
[SourceVersion "1"]
[SourceVersionDate "2014.12.23"]
[SourceQuality "1"]

1. e4 c5 2. Nf3 d6 3. d4 cxd4 4. Qxd4 Nc6 5. Bb5 Bd7 6. Qd3 Nf6 7. c4 e6 8. 0-0 Be7 9. Nc3 0-0 10. Bf4 a6 11. Bxc6 Bxc6 12. Rfd1 Qa5 13. Qe2 Rad8 14. Nd4 Rfe8 15. Rab1 Qc7 16. Bg3 Bd7 17. Rbc1 Rc8 18. b3 Qa5 19. Nf3 b5 20. Bxd6 Bxd6 21. Rxd6 bxc4 22. bxc4 Red8 23. e5 Ne8 24. Rdd1 Ba4 25. Rxd8 Rxd8 26. Nxa4 Qxa4 27. h3 h6 28. c5 Nc7 29. c6 Kf8 30. g3 Qb5 31. Qc2 Rd3 32. Ne1 Rd4 33. Nf3 Rd3 34. Nd2 Rd5 35. Nb3 a5 36. Rb1 Rxe5 37. Nd4 Qc5 38. Qb2 Ke7 39. Nf3 Rf5 40. Rd1 Rxf3 41. Rd7+ Kf8 42. Rxc7 Kg8 43. Kg2 Qd5 44. Rc8+ Kh7 45. Qc2+ f5 46. Rd8 Rc3+ 47. Rxd5 Rxc2 48. Rxa5 Rxc6 49. a4 Rc3 50. Re5 Ra3 51. a5 Kg8 52. g4 fxg4 53. hxg4 Kf7 54. f3 Kf6 55. Rb5 g5 56. Kg3 Ra2 57. Rc5 Ra3 58. Kf2 Ra2+ 59. Ke3 Ra4 60. Rb5 Kg6 61. Kd3 h5 62. gxh5+ Kxh5 63. Re5 Ra3+ 64. Ke4 Ra4+ 65. Ke3 Ra3+ 66. Ke4 Ra4+ 1/2-1/2

[Event "Penang op 6th"]
[Site "Penang"]
[Date "2014.12.11"]
[Round "7"]
[White "Fong, Yit San"]
[Black "Lim, Kian Hwa"]
[Result "1-0"]
[WhiteElo "2105"]
[BlackElo "1859"]
[PlyCount "89"]
[EventDate "2014.12.08"]
[EventType "swiss"]
[EventRounds "9"]
[EventCountry "MAS"]
[SourceTitle "CBM 163 Extra"]
[Source "ChessBase"]
[SourceDate "2014.12.23"]
[SourceVersion "1"]
[SourceVersionDate "2014.12.23"]
[SourceQuality "1"]

1. e4 e5 2. Nf3 Nc6 3. Bb5 a6 4. Ba4 Nf6 5. 0-0 b5 6. Bb3 Be7 7. Re1 d6 8. c3 0-0 9. h3 Na5 10. Bc2 c5 11. d4 cxd4 12. cxd4 Nc6 13. d5 Nb4 14. Bb3 a5 15. a3 Na6 16. Nc3 Rb8 17. Bc2 Nc5 18. b4 axb4 19. axb4 Na6 20. Bd3 Nxb4 21. Bxb5 Qc7 22. Bd2 Bd7 23. Qa4 Nc2 24. Qxc2 Bxb5 25. Rec1 Rfc8 26. Be3 Bd7 27. Nd2 Rb7 28. Qd3 h6 29. Kh2 Qb8 30. Ra3 Bb5 31. Qb1 Ba4 32. Qa1 Be8 33. Na4 Rxc1 34. Qxc1 Bxa4 35. Rxa4 Qc7 36. Rc4 Qd7 37. Rc8+ Kh7 38. Qc6 g5 39. Qxd7 Rxd7 40. f3 Nh5 41. Nc4 Nf4 42. Bb6 h5 43. Bc7 Bd8 44. Bxd8 f6 45. Rc7 1-0

[Event "Wch U20 53rd"]
[Site "Pune"]
[Date "2014.10.17"]
[Round "11"]
[White "Fong, Yit San"]
[Black "Rakesh, Kumar Nayak"]
[Result "1/2-1/2"]
[WhiteElo "2149"]
[BlackElo "2057"]
[PlyCount "121"]
[EventDate "2014.10.06"]
[EventType "swiss"]
[EventRounds "13"]
[EventCountry "IND"]
[SourceTitle "EXT 2015"]
[Source "ChessBase"]
[SourceDate "2014.11.20"]
[SourceVersion "1"]
[SourceVersionDate "2014.11.20"]
[SourceQuality "1"]

1. e4 e5 2. Nf3 Nc6 3. Bb5 a6 4. Ba4 Nf6 5. 0-0 Nxe4 6. d4 b5 7. Bb3 d5 8. dxe5 Be6 9. c3 Be7 10. Qe2 0-0 11. Nd4 Nxd4 12. cxd4 f5 13. f3 Ng5 14. Be3 f4 15. Bd2 h6 16. Nc3 c6 17. Qf2 Nh7 18. Ne2 Bh4 19. g3 Ng5 20. Kh1 fxg3 21. Bxg5 gxf2 22. Bxd8 Raxd8 23. Kg2 h5 24. Ng3 Bg5 25. Kxf2 h4 26. Ne2 Rf7 27. f4 Bxf4 28. Nxf4 Rxf4+ 29. Ke3 Re4+ 30. Kd3 Rf8 31. Rxf8+ Kxf8 32. Rc1 Bd7 33. Rg1 Kf7 34. Bd1 Bf5 35. Kc3 c5 36. dxc5 Rc4+ 37. Kd2 Rxc5 38. Bb3 Be4 39. Rg4 Bf5 40. Rxh4 Ke6 41. Rh8 Kxe5 42. Re8+ Kd4 43. Rf8 Be4 44. h4 g6 45. Rf6 a5 46. h5 gxh5 47. Rh6 Rc7 48. Rxh5 Rg7 49. Rh2 b4 50. Rf2 Rg1 51. Bd1 Ke5 52. Rh2 Kd4 53. Rf2 a4 54. Rh2 a3 55. bxa3 bxa3 56. Rh3 Rg2+ 57. Be2 Ke5 58. Rxa3 d4 59. Ke1 Kf4 60. Rh3 Rg1+ 61. Kd2 1/2-1/2

[Event "Olympiad-41"]
[Site "Tromsoe"]
[Date "2014.08.02"]
[Round "1.3"]
[White "Fong, Yit San"]
[Black "Salgado Lopez, Ivan"]
[Result "0-1"]
[WhiteElo "2143"]
[BlackElo "2620"]
[PlyCount "70"]
[EventDate "2014.08.02"]
[EventType "team-swiss"]
[EventRounds "11"]
[EventCountry "NOR"]
[SourceTitle "CBM 162"]
[Source "ChessBase"]
[SourceDate "2014.09.17"]
[SourceVersion "1"]
[SourceVersionDate "2014.09.17"]
[SourceQuality "1"]
[WhiteTeam "Malaysia"]
[BlackTeam "Spain"]
[WhiteTeamCountry "MAS"]
[BlackTeamCountry "ESP"]

1. e4 c5 2. Nf3 Nc6 3. d4 cxd4 4. Nxd4 Qb6 5. Nb3 Nf6 6. Nc3 e6 7. Bd3 Be7 8. 0-0 d6 9. Be3 Qc7 10. f4 a6 11. Qf3 0-0 12. g4 b5 13. g5 Nd7 14. f5 Nde5 15. Qg3 Re8 16. Nd4 Bd7 17. a3 Qb7 18. Rf2 b4 19. axb4 Qxb4 20. Nxc6 Bxc6 21. Rb1 a5 22. Bf4 a4 23. Na2 Qb7 24. f6 Bf8 25. Bxe5 dxe5 26. Qxe5 g6 27. Nc3 Red8 28. Ne2 a3 29. Rff1 a2 30. Ra1 Bd6 31. Qc3 Bxe4 32. Bxe4 Qxe4 33. Ng3 Qd5 34. Rfd1 Bc5+ 35. Kf1 Qxd1+ 0-1

[Event "Penang op-A 5th"]
[Site "Penang"]
[Date "2013.12.13"]
[Round "8"]
[White "Fong, Yit San"]
[Black "Villanueva, Nelson"]
[Result "1-0"]
[WhiteElo "2134"]
[BlackElo "2265"]
[PlyCount "91"]
[EventDate "2013.12.09"]
[EventType "swiss"]
[EventRounds "9"]
[EventCountry "MAS"]
[SourceTitle "CBM 157 Extra"]
[Source "ChessBase"]
[SourceDate "2013.12.19"]
[SourceVersion "1"]
[SourceVersionDate "2013.12.19"]
[SourceQuality "1"]

1. e4 c6 2. d3 d5 3. Nd2 Nf6 4. Ngf3 Bg4 5. h3 Bh5 6. g4 Bg6 7. Nh4 dxe4 8. Nxg6 hxg6 9. dxe4 e6 10. Bg2 Bc5 11. Qf3 Nbd7 12. Qe2 Qc7 13. Nc4 Rd8 14. Bd2 Ne5 15. Nxe5 Qxe5 16. 0-0-0 g5 17. Kb1 Bd4 18. Bc1 Rd7 19. h4 Rxh4 20. f4 Qb5 21. c4 Qb4 22. Rxh4 gxh4 23. g5 h3 24. Bxh3 Bxb2 25. Bxb2 Nxe4 26. Rd3 Nd2+ 27. Ka1 Rxd3 28. Qxd3 Nxc4 29. Qc3 Qa4 30. Bc1 g6 31. Bf1 Nd6 32. Bd3 Qd1 33. Kb1 a6 34. Qc2 Qg1 35. a4 Qd4 36. Ka2 c5 37. Bb2 Qxf4 38. Qxc5 Qxa4+ 39. Ba3 Qf4 40. Qxd6 Qd2+ 41. Kb3 Qd1+ 42. Bc2 Qxd6 43. Bxd6 Kd7 44. Be5 Kc6 45. Be4+ Kb6 46. Kb4 1-0

[Event "Penang op-A 5th"]
[Site "Penang"]
[Date "2013.12.11"]
[Round "5"]
[White "Fong, Yit San"]
[Black "Chiong Zacarias, Romero Luis"]
[Result "1-0"]
[WhiteElo "2134"]
[BlackElo "2306"]
[PlyCount "104"]
[EventDate "2013.12.09"]
[EventType "swiss"]
[EventRounds "9"]
[EventCountry "MAS"]
[SourceTitle "CBM 157 Extra"]
[Source "ChessBase"]
[SourceDate "2013.12.19"]
[SourceVersion "1"]
[SourceVersionDate "2013.12.19"]
[SourceQuality "1"]

1. e4 c5 2. Nf3 d6 3. d4 cxd4 4. Nxd4 Nf6 5. Nc3 a6 6. Bg5 e6 7. f4 h6 8. Bh4 Qb6 9. a3 Nc6 10. Bf2 Qc7 11. Be2 Be7 12. Qd3 Bd7 13. 0-0-0 Nxd4 14. Bxd4 Bc6 15. Kb1 b5 16. Bf3 Qb7 17. Rhe1 0-0 18. e5 dxe5 19. fxe5 Nd7 20. Ne4 Rfe8 21. Qe3 Bf8 22. g4 Qc7 23. g5 Rac8 24. gxh6 g6 25. h7+ Kh8 26. Nd6 Bxf3 27. Qxf3 Qxc2+ 28. Ka1 Bxd6 29. exd6+ e5 30. Qxf7 Qf5 31. Rf1 Qh3 32. Qxg6 Re6 33. Qf7 Rf8 34. Qxd7 Rxf1 35. Bxe5+ Rxe5 36. Qxh3 Rxd1+ 37. Ka2 Rdd5 38. Qc8+ Kxh7 39. Qxa6 Rd4 40. Qb7+ Kg6 41. d7 b4 42. axb4 Rxd7 43. Qc6+ Rd6 44. Qc2+ Kf6 45. b5 Ke6 46. Qc8+ Ke7 47. Ka3 Rd3+ 48. b3 Red5 49. Ka4 Rd8 50. Qc6 R8d6 51. Qc4 Kd7 52. Ka5 Re3 1-0

[Event "Penang op-A 5th"]
[Site "Penang"]
[Date "2013.12.11"]
[Round "4"]
[White "Luu, Duc Hai"]
[Black "Fong, Yit San"]
[Result "0-1"]
[WhiteElo "1950"]
[BlackElo "2134"]
[PlyCount "124"]
[EventDate "2013.12.09"]
[EventType "swiss"]
[EventRounds "9"]
[EventCountry "MAS"]
[SourceTitle "CBM 157 Extra"]
[Source "ChessBase"]
[SourceDate "2013.12.19"]
[SourceVersion "1"]
[SourceVersionDate "2013.12.19"]
[SourceQuality "1"]

1. d4 Nf6 2. c4 g6 3. Nc3 d5 4. Nf3 Bg7 5. cxd5 Nxd5 6. e4 Nxc3 7. bxc3 c5 8. Be3 Qa5 9. Be2 0-0 10. Qb3 Qc7 11. Rc1 Bg4 12. Bd2 Nc6 13. Be3 Na5 14. Qa4 c4 15. 0-0 b6 16. h3 Bd7 17. Qc2 f5 18. Bg5 fxe4 19. Qxe4 Bf5 20. Qh4 Rae8 21. Bf4 Qc8 22. Be5 Bf6 23. Qh6 Rf7 24. Rfe1 b5 25. Ng5 Bxe5 26. dxe5 Rg7 27. Bf3 e6 28. g4 Bd3 29. Be4 Rd8 30. Re3 Nc6 31. Bxc6 Qxc6 32. Rce1 Rf8 33. Ne4 Bxe4 34. Rxe4 Rgf7 35. R4e2 Rf3 36. Rd1 Rxc3 37. Rd6 Qf3 38. Rd7 Rc1+ 39. Qxc1 Qxe2 40. Qe3 Qxe3 41. fxe3 Rc8 42. Kf2 c3 43. Rd1 Kf7 44. Ke2 Ke7 45. a3 a5 46. Ra1 c2 47. Kd2 c1Q+ 48. Rxc1 Rxc1 49. Kxc1 Kd7 50. Kc2 Kc6 51. e4 Kc5 52. Kc3 g5 53. Kd3 b4 54. axb4+ axb4 55. Kc2 Kc4 56. Kb2 b3 57. Kb1 Kc3 58. Kc1 b2+ 59. Kb1 Kb3 60. h4 gxh4 61. g5 h3 62. g6 h2 0-1

[Event "Asia Cities-ch 18th"]
[Site "Tagaytay City"]
[Date "2013.10.23"]
[Round "5.3"]
[White "Fong, Yit San"]
[Black "Lou, Yiping"]
[Result "0-1"]
[WhiteElo "2118"]
[BlackElo "2489"]
[PlyCount "86"]
[EventDate "2013.10.20"]
[EventType "team-swiss"]
[EventRounds "9"]
[EventCountry "PHI"]
[SourceTitle "EXT 2014"]
[Source "ChessBase"]
[SourceDate "2013.11.20"]
[SourceVersion "1"]
[SourceVersionDate "2013.11.20"]
[SourceQuality "1"]
[WhiteTeam "Shah Alam"]
[BlackTeam "Shanghai"]
[WhiteTeamCountry "MAS"]
[BlackTeamCountry "CHN"]

1. e4 c6 2. d4 d5 3. exd5 cxd5 4. c4 Nf6 5. Nc3 Nc6 6. Nf3 g6 7. cxd5 Nxd5 8. Qb3 Nxc3 9. bxc3 Bg7 10. Be2 0-0 11. 0-0 b6 12. Rd1 Qc7 13. Qc4 Qd6 14. a4 Na5 15. Qd3 Be6 16. Nd2 Rac8 17. Ba3 Qc7 18. Bb4 Nc6 19. Ba3 Rfd8 20. Bb2 Bh6 21. Qf3 Na5 22. Ra3 Qf4 23. Qxf4 Bxf4 24. g3 Bxd2 25. Rxd2 Nb3 26. Rd1 Nxd4 27. Rxd4 Rxd4 28. cxd4 Rc2 29. Bf3 Rxb2 30. Kg2 Ra2 31. Rxa2 Bxa2 32. Bc6 e6 33. Kf1 Kf8 34. Ke2 Ke7 35. Kd3 Kd6 36. Bb5 Bd5 37. Kc3 Bc6 38. Kd3 Bxb5+ 39. axb5 Kc7 40. Ke4 Kb7 41. Ke5 a5 42. bxa6+ Kxa6 43. Kf6 b5 0-1

[Event "Kuala Lumpur op 10th"]
[Site "Kuala Lumpur"]
[Date "2013.08.10"]
[Round "1"]
[White "Fong, Yit San"]
[Black "Xiu, Deshun"]
[Result "0-1"]
[WhiteElo "2105"]
[BlackElo "2566"]
[PlyCount "54"]
[EventDate "2013.08.10"]
[EventType "swiss"]
[EventRounds "9"]
[EventCountry "MAS"]
[SourceTitle "CBM 156 Extra"]
[Source "ChessBase"]
[SourceDate "2013.10.22"]
[SourceVersion "1"]
[SourceVersionDate "2013.10.22"]
[SourceQuality "1"]

1. e4 c5 2. Nf3 d6 3. d4 cxd4 4. Nxd4 Nf6 5. Nc3 a6 6. Bg5 e6 7. f4 h6 8. Bh4 Qb6 9. Qd2 Qxb2 10. Rb1 Qa3 11. Be2 Be7 12. 0-0 Nbd7 13. f5 e5 14. Nf3 b5 15. Nd5 Nxd5 16. exd5 Bxh4 17. Nxh4 Nf6 18. Rb3 Qc5+ 19. Kh1 Bd7 20. Bf3 Qc4 21. Qf2 Rc8 22. c3 0-0 23. Rd1 Rfe8 24. g3 Qc5 25. Qd2 e4 26. Be2 Re5 27. Qf4 Nxd5 0-1

[Event "Kuala Lumpur Masters"]
[Site "Kuala Lumpur"]
[Date "2013.06.24"]
[Round "5"]
[White "Fong, Yit San"]
[Black "Wong, Jianwen"]
[Result "1/2-1/2"]
[WhiteElo "2049"]
[BlackElo "2120"]
[PlyCount "73"]
[EventDate "2013.06.22"]
[EventType "tourn"]
[EventRounds "9"]
[EventCountry "MAS"]
[SourceTitle "CBM 155 Extra"]
[Source "ChessBase"]
[SourceDate "2013.08.26"]
[SourceVersion "1"]
[SourceVersionDate "2013.08.26"]
[SourceQuality "1"]

1. e4 c5 2. Nf3 Nc6 3. d4 cxd4 4. Nxd4 Nf6 5. Nc3 e5 6. Ndb5 d6 7. Bg5 a6 8. Na3 b5 9. Bxf6 gxf6 10. Nd5 Bg7 11. c3 f5 12. exf5 Bxf5 13. Nc2 Be6 14. g3 0-0 15. Bg2 a5 16. 0-0 Rb8 17. Qe2 f5 18. Rad1 e4 19. f3 Bxd5 20. Rxd5 Qb6+ 21. Kh1 Ne7 22. Rdd1 d5 23. fxe4 fxe4 24. Qg4 Rf6 25. Nd4 b4 26. Rxf6 Qxf6 27. Rf1 Qe5 28. Nf5 Nxf5 29. Rxf5 Qe7 30. Rxd5 bxc3 31. bxc3 e3 32. Bf3 Qf6 33. Rd3 Rb1+ 34. Kg2 Rb2+ 35. Kg1 Rb1+ 36. Kg2 Rb2+ 37. Kg1 1/2-1/2

[Event "Kuala Lumpur DYTM op"]
[Site "Kuala Lumpur"]
[Date "2012.09.22"]
[Round "7"]
[White "Fong, Yit San"]
[Black "Aris, TLS"]
[Result "1-0"]
[WhiteElo "1997"]
[BlackElo "2263"]
[PlyCount "145"]
[EventDate "2012.09.18"]
[EventType "swiss"]
[EventRounds "9"]
[EventCountry "MAS"]
[SourceTitle "CBM 150 Extra"]
[Source "ChessBase"]
[SourceDate "2012.10.19"]
[SourceVersion "1"]
[SourceVersionDate "2012.10.19"]
[SourceQuality "1"]

1. e4 e6 2. d4 d5 3. e5 c5 4. c3 Nc6 5. Nf3 f6 6. Bd3 Qb6 7. 0-0 Bd7 8. dxc5 Bxc5 9. b4 Be7 10. Bf4 f5 11. Qe2 h6 12. h4 g6 13. a4 a5 14. b5 Nd8 15. Nbd2 Nf7 16. Be3 Bc5 17. Bxc5 Qxc5 18. c4 Ne7 19. Rfc1 Rc8 20. Nb3 Qb4 21. Nfd4 b6 22. Nd2 0-0 23. N2f3 Rfe8 24. Ra2 g5 25. hxg5 hxg5 26. g4 f4 27. Kg2 Kg7 28. Rb1 Qc5 29. Nb3 Qc7 30. cxd5 Nxd5 31. Qe4 Rg8 32. Rc2 Qb8 33. Rbc1 Rxc2 34. Rxc2 Nb4 35. Rc1 Nxd3 36. Qxd3 Qb7 37. Qd4 Rd8 38. Qb2 Rc8 39. Rxc8 Bxc8 40. Nbd4 Qd5 41. Nc6 Bb7 42. Qc3 Nd8 43. Ncd4 Kf8 44. Kf1 Ke8 45. Qc7 Qc5 46. Qxd8+ Kxd8 47. Nxe6+ Kc8 48. Nxc5 bxc5 49. Nxg5 Bd5 50. Ke1 Bb3 51. Ne4 Bxa4 52. g5 Kc7 53. g6 Bxb5 54. g7 Bc4 55. Nxc5 Bg8 56. Ne4 Kc6 57. Nf6 Bf7 58. Kd2 Kc5 59. Kc3 a4 60. Ne4+ Kd5 61. Ng5 Bg8 62. e6 Kd6 63. Kb4 Ke7 64. Kxa4 Kf6 65. Kb5 Kxg7 66. e7 Bf7 67. Kc6 Be8+ 68. Kd6 Kf6 69. Ne6 f3 70. Nd4 Kg5 71. Nxf3+ Kf4 72. Nd2 Kg4 73. Kc7 1-0

[Event "Melaka-chA"]
[Site "Melaka"]
[Date "2012.04.30"]
[Round "9"]
[White "Fong, Yit San"]
[Black "Camilia, Bt Johari"]
[Result "1/2-1/2"]
[WhiteElo "2002"]
[BlackElo "1780"]
[PlyCount "57"]
[EventDate "2012.04.23"]
[EventType "swiss"]
[EventRounds "9"]
[EventCountry "MAS"]
[SourceTitle "CBM 148 Extra"]
[Source "ChessBase"]
[SourceDate "2012.06.22"]
[SourceVersion "1"]
[SourceVersionDate "2012.06.22"]
[SourceQuality "1"]

1. e4 c6 2. d4 d5 3. exd5 cxd5 4. c4 Nf6 5. Nc3 e6 6. Nf3 Nc6 7. Be2 Be7 8. 0-0 0-0 9. Be3 b6 10. Rc1 Bb7 11. a3 Rc8 12. cxd5 Nxd5 13. Nxd5 Qxd5 14. Bc4 Qd7 15. Qe2 Bf6 16. Rfd1 Ne7 17. Ne5 Qd6 18. Bf4 Nd5 19. Bg3 Qe7 20. Ba6 Bg5 21. Rxc8 Rxc8 22. Bd3 Bf6 23. h3 Qe8 24. Ng4 Bg5 25. Ne5 Nf4 26. Bxf4 Bxf4 27. Be4 Qe7 28. Qf3 Bxe4 29. Qxe4 1/2-1/2